Porovnanie kvality vody v regulovanej a neregulovanej časti Váhu pri obci Drahovce

Gespeichert in:
Bibliographische Detailangaben
1. Verfasser: Bartovic, Adam (Verfasst von)
Weitere Verfasser: Sirotiak, Maroš (Betreuung Doktorarbeit)
Format: Manuskript Buch
Sprache:Slowakisch
Veröffentlicht: 2024
Schlagworte:
Online-Zugang:http://is.stuba.sk/zp/portal_zp.pl?podrobnosti=169199
Tags: Tag hinzufügen
Keine Tags, Fügen Sie das erste Tag hinzu!

MARC

LEADER 00000ntm a22000003a 4500
001 stuzp99269
003 SK-STU
005 20240629212742.0
007 ta
008 150427s2015----xo-----f-mn---000-0-slo-d
040 |a STU  |b slo 
041 0 |a slo 
100 1 |a Bartovic, Adam  |u 065000  |4 aut  |U MTF Materiálovotechnologická fakulta  |T MTF Ústav integrovanej bezpečnosti  |X 116421  |U M5000  |Y 85  |7 116421 
242 0 1 |a Comparison of water quality in the regulated and unregulated part of Váh river near the village of Drahovce  |y eng 
245 1 0 |a Porovnanie kvality vody v regulovanej a neregulovanej časti Váhu pri obci Drahovce 
260 |c 2024 
650 4 |a voda  |2 slo 
650 4 |a povrchová voda  |2 slo 
650 4 |a hodnotenie kvality povrchovej vody  |2 slo 
650 4 |a monitorovanie povrchových vôd  |2 slo 
650 4 |a kvalitatívne a kvantitatívne ukazovatele kvality vody  |2 slo 
650 4 |a znečisťovanie vôd  |2 slo 
650 4 |a surface water monitoring  |2 eng 
650 4 |a qualitative and quantitative water quality indicators  |2 eng 
650 4 |a water  |2 eng 
650 4 |a surface water  |2 eng 
650 4 |a surface water quality assessment  |2 eng 
650 4 |a water pollution  |2 eng 
700 1 |a Sirotiak, Maroš  |u 065100  |k Z1  |4 ths  |U MTF Ústav integrovanej bezpečnosti  |T MTF Katedra environmentálneho inžinierstva  |X 3580  |U M5100  |Y 194  |7 A000003580 
856 4 |u http://is.stuba.sk/zp/portal_zp.pl?podrobnosti=169199 
996 |c M* BP-9717  |l MMSKP  |s P  |a 0  |w stuzp99269_0001